| 000 | 01087cam a22003498a 4500 | ||
|---|---|---|---|
| 001 | 15658182 | ||
| 005 | 20201128020730.0 | ||
| 008 | 090311s2009 nyu b 001 0 eng | ||
| 010 | _a 2009010498 | ||
| 020 | _a9780387378794 (hardcover : alk. paper) | ||
| 035 | _a(DNLM)101498813 | ||
| 040 |
_aDNLM/DLC _cDLC |
||
| 042 | _apcc | ||
| 050 | 0 | 0 |
_aR857.C4 _b.B573 2009 |
| 060 | 1 | 0 |
_aQT 37.5.C4 _bB6165 2009 |
| 082 | 0 | 0 |
_a610.284 _222 _bPAR |
| 100 | 1 |
_aPark, Joon. _93602 |
|
| 245 | 0 | 0 |
_aBioceramics : _bAn Introduction / _cJoon Park, R.S. Lakes. |
| 250 | _a3rd ed. | ||
| 260 |
_aNew York : _bSpringer, _cc2007. |
||
| 300 |
_axi, 561p: _c30 cm. _bill; |
||
| 500 | _aIncludes Index. | ||
| 504 | _aIncludes bibliographical references and index. | ||
| 650 | 0 |
_aCeramics in medicine. _93006 |
|
| 650 | 1 | 2 |
_aBiocompatible Materials. _93007 |
| 650 | 1 | 2 |
_aCeramics _xtherapeutic use. _93008 |
| 650 | 2 | 2 |
_aCeramics _xchemistry. _93009 |
| 700 | 1 |
_aLakes, R. S. _93603 |
|
| 700 | 1 |
_aFuchs, Jacob, _d1959- _93011 |
|
| 942 |
_2ddc _cBB |
||
| 999 |
_c11155 _d11155 |
||